000 00449nam a2200181Ia 4500
001 9897
005 20260306161752.0
008 260306t2010||||xx |||||||||||||| ||spa||
041 _aESP
082 _a808.066
_bC24
100 _aCamili, Ernesto
_eAUT
245 0 _aLos nombres de las cosas:
_benseñar y aprender a redactar
260 _c2010
300 _a222 páginas :
_c20 cm.
650 _aGEN
654 _aCHU
942 _cLIB
_dJUS
_fJUS
_2ddc
_n
999 _c9897
_d9897